[Event "ASEAN IM 3rd"]
[Site "Bangkok"]
[Date "2004.06.22"]
[Round "2"]
[White "Aung Aung, Aung Myo Hlaing"]
[Black "Jiravorasuk, Banjuab"]
[Result "1/2-1/2"]
[WhiteElo "2524"]
[BlackElo "2312"]
[PlyCount "70"]
[EventDate "2004.06.22"]
[EventType "tourn"]
[EventRounds "10"]
[EventCountry "THA"]
[EventCategory "4"]
[SourceTitle "CBM 101 Extra"]
[Source "ChessBase"]
[SourceDate "2004.09.01"]
[SourceVersion "2"]
[SourceVersionDate "2004.09.01"]
[SourceQuality "1"]

1. g3 e5 2. Bg2 d5 3. d3 Nc6 4. Nf3 Be6 5. c3 f6 6. Nbd2 Nh6 7. b4 Qd7 8. Nb3 Nf7 9. a4 Be7 10. Nc5 Bxc5 11. bxc5 0-0 12. 0-0 Rfd8 13. Re1 Rab8 14. Be3 Ne7 15. d4 Nf5 16. Bc1 b6 17. cxb6 axb6 18. dxe5 fxe5 19. Ng5 Nxg5 20. Bxg5 Re8 21. e4 dxe4 22. Qxd7 Bxd7 23. Bxe4 Nd6 24. Bd5+ Nf7 25. Be3 Be6 26. Bc6 Red8 27. a5 Bd5 28. Bxd5 Rxd5 29. Reb1 Rd3 30. axb6 cxb6 31. Rxb6 Rc8 32. Rb7 Rdxc3 33. Raa7 Rf8 34. Kg2 Rc6 35. h4 h6 1/2-1/2

[Event "ASEAN GM 1st"]
[Site "Bangkok"]
[Date "2004.06.09"]
[Round "8"]
[White "Aung, Thant Zin"]
[Black "Aung Aung, Aung Myo Hlaing"]
[Result "1/2-1/2"]
[WhiteElo "2466"]
[BlackElo "2524"]
[PlyCount "31"]
[EventDate "2004.06.04"]
[EventType "tourn"]
[EventRounds "10"]
[EventCountry "THA"]
[EventCategory "10"]
[SourceTitle "CBM 102"]
[Source "ChessBase"]
[SourceDate "2004.09.23"]
[SourceVersion "1"]
[SourceVersionDate "2004.09.23"]
[SourceQuality "1"]

1. e4 e5 2. Nf3 Nc6 3. Bb5 a6 4. Ba4 Nf6 5. 0-0 b5 6. Bb3 Be7 7. Re1 0-0 8. c3 d6 9. h3 Na5 10. Bc2 c5 11. d4 Qc7 12. Nbd2 Bb7 13. Nf1 cxd4 14. cxd4 Rac8 15. Bd3 Nc6 16. Be3 1/2-1/2